NRL Warriors top pointscorers - Statistics

General Stats
  • This quiz has been taken 12 times
    6 since last reset
  • The average score is 20 of 30
Answer Stats
Year Points Initials Answer % Correct
2020 62 (2T, 27G) CHT Chanel Harris-Tavita
100%
2013 177 (10T, 67G, 3FG) SJ Shaun Johnson
100%
2014 163 (9T, 63G, 1FG) SJ Shaun Johnson
100%
2015 130 (8T, 48G, 2FG) SJ Shaun Johnson
100%
2016 125 (10T, 42G, 1FG) SJ Shaun Johnson
100%
2017 108 (4T, 45G, 2FG) SJ Shaun Johnson
100%
2018 142 (4T, 61G, 4FG) SJ Shaun Johnson
100%
2023 176 (8T, 71G, 2FG) SJ Shaun Johnson
100%
1995 84 (3T, 36G) GN Gene Ngamu
75%
1996 120 (5T, 50G) GN Gene Ngamu
75%
2001 173 (3T, 80G,1FG) IC Ivan Cleary
75%
2002 242 (8T, 105G) IC Ivan Cleary
75%
2010 188 (10T,73G, 2FG) JM James Maloney
75%
2011 206 (10T,82G, 2FG) JM James Maloney
75%
2012 153 (4T, 67G, 3FG) JM James Maloney
75%
2007 153 (7T, 62G,1FG) MW Michael Witt
75%
2008 138 (5T, 59G) MW Michael Witt
75%
2024 78 (5T, 29G) SJ Shaun Johnson
75%
2003 92 (23T) FM Francis Meli
50%
2019 68 (17T) KM Ken Maumalo
50%
1997 71 (5T, 25G, 1FG) ME Marc Ellis
50%
1998 110 (2T, 51G) MR Matthew Ridge
50%
1999 80 (3T, 34G) MR Matthew Ridge
50%
2005 147 (5T, 63G SJ Stacey Jones
50%
2006 160 (6T, 68G) TM Tony Martin
50%
2000 54 (1T, 25G) JS John Simon
25%
2009 60 (4T, 22G) KL Kevin Locke
25%
2021 100 (4T, 42G) KN Kodi Nikorima
25%
2022 104 (2T, 48G) RW Reece Walsh
25%
2004 68 (1T, 32G) SF Sione Faumuina
25%
No matching quizzes found
Score Distribution
Percent of People with Each Score
Percentile by Number Answered
Your Score History
You have not taken this quiz since the last reset